Polscy piłkarze którzy grali w La Liga - Statystyki

Ogólne statystyki
  • Ten quiz został rozwiązany 117 razy
  • Średni wynik to 10 z 24
Statystyki odpowiedzi
KLUBY: PIŁKARZE: % Poprawnych
Barcelona Robert Lewandowski
99%
CD Logrones Grzegorz Lewandowski
98%
Barcelona Wojciech Szczęsny
94%
Real Madryt Jerzy Dudek
87%
Sevilla Grzegorz Krychowiak
84%
OsasunaReal Valladolid Jan Urban
76%
Real Betis Wojciech Kowalczyk
67%
Racing Santander Ebi Smolarek
56%
OsasunaAtletico Madryt Roman Kosecki
54%
Granada Kamil Jóźwiak
43%
Granada Kamil Piątkowski
37%
ElcheDeportivo de La Coruna Przemysław Tytoń
37%
Malaga Bartłomiej Pawłowski
32%
Eibar Damian Kądzior
24%
Deportivo de La Coruna Cezary Wilk
23%
Osasuna Mirosław Trzeciak
15%
Real Betis Damien Perquis
14%
Levante Dariusz Dudka
13%
Osasuna Jacek Ziober
11%
Hercules CF Jan Tomaszewski
11%
Sporting Gijon Cezary Kucharski
9%
Osasuna Ryszard Staniek
5%
Getafe Eugen Polanski
4%
CP Merida Jerzy Podbrożny
3%
Nie znaleziono quizów pasujących do podanych kryteriów
Rozkład punktacji
Procent ludzi z każdym wynikiem
Percentyl według liczby udzielonych odpowiedzi
Twoja historia wyników
Nie rozwiązałeś tego quizu